| Tag |
First Indicator |
Second Indicator |
Subfields |
| LEADER |
00000cam a2200000 a 4500 |
| 001 |
in00001079607 |
| 005 |
20150929112019.0 |
| 008 |
920325s1991 scuab b f000 0 eng d |
| 010 |
|
|
|a gp 92069061
|
| 035 |
|
|
|a (OCoLC)25525572
|
| 035 |
|
|
|9 AFQ5436AM
|
| 040 |
|
|
|d AGL
|d GPO
|d DLC
|d UtOrBLW
|
| 043 |
|
|
|a n-us-sc
|
| 070 |
0 |
|
|a GB701.W375
|b no.91-4140
|
| 072 |
|
0 |
|a P200
|a W000
|
| 074 |
|
|
|a 624-B
|
| 086 |
0 |
|
|a I 19.42/4:91-4140
|
| 245 |
0 |
0 |
|a Benthic invertebrates in Lake Marion and selected tributaries in the vicinity of a hazardous-waste landfill near Pinewood, South Carolina, 1988 /
|c by Donna L. Belval [and others] ; prepared in cooperation with the South Carolina Public Service Authority.
|
| 264 |
|
1 |
|a Columbia, S.C. :
|b U.S. Dept. of the Interior, U.S. Geological Survey ;
|c 1991.
|
| 264 |
|
2 |
|a Denver, CO :
|b Books and Open-File Reports Section [distributor],
|
| 300 |
|
|
|a iv, 52 pages :
|b illustrations, maps ;
|c 28 cm.
|
| 336 |
|
|
|a text
|b txt
|2 rdacontent
|
| 337 |
|
|
|a unmediated
|b n
|2 rdamedia
|
| 338 |
|
|
|a volume
|b nc
|2 rdacarrier
|
| 490 |
1 |
|
|a Water-resources investigations report ;
|v 91-4140
|
| 500 |
|
|
|a Shipping list number: 92-204-P.
|
| 504 |
|
|
|a Includes bibliographical references (page 52).
|
| 650 |
|
0 |
|a Benthos
|x Sampling
|z South Carolina
|z Pinewood Region.
|
| 650 |
|
0 |
|a Hazardous waste sites
|x Environmental aspects
|z South Carolina
|z Pinewood Region.
|
| 650 |
|
0 |
|a Water
|x Pollution
|z South Carolina
|z Pinewood Region.
|
| 700 |
1 |
|
|a Belval, Donna L.
|
| 710 |
2 |
|
|a South Carolina Public Service Authority.
|
| 710 |
2 |
|
|a Geological Survey (U.S.)
|
| 830 |
|
0 |
|a Water-resources investigations report ;
|v 91-4140.
|
| 999 |
|
|
|a MARS
|
| 999 |
f |
f |
|s 45d1cd8a-df17-3bae-9acd-8c38897ea478
|i b4055424-1d6e-34e7-9aa7-2f550a944557
|t 0
|
| 952 |
f |
f |
|p normal
|a Texas A&M University
|b College Station
|c Sterling C. Evans Library
|d Evans: US Documents (Annex 5th floor)
|t 0
|e I 19.42/4:91-4140
|h Superintendent of Documents classification
|i unmediated -- volume
|m A14816478705
|
| 998 |
f |
f |
|a I 19.42/4:91-4140
|t 0
|l Evans: US Documents (Annex 5th floor)
|